| 000 | 01055nmm a2200325 a 4500 | ||
|---|---|---|---|
| 001 | ocm0002015583 | ||
| 003 | TR-IsHL | ||
| 005 | 20201028180020.0 | ||
| 008 | 181112s2017 tu tur | ||
| 007 | cr cn | ||
| 020 | _a9786059129916 | ||
| 035 |
_a2015583 _b(N$T) |
||
| 050 | 0 | 4 |
_aDR603 _b.A45 2017 |
| 090 | 0 | 4 |
_aDR603 _b.A45 2017 |
| 100 | 1 | _aBolelli, Murat | |
| 245 | 1 | 0 |
_aGüç ile yönetim _h[electronic resource] / _cMurat Bolelli ; editör Sefer Darıcı |
| 250 | _a1. Basım | ||
| 260 |
_aİstanbul : _bAbaküs Yayınları, _c2017 |
||
| 300 | _a202 p. | ||
| 500 | _aKaynakça var. | ||
| 650 | 4 | _aSosyoloji | |
| 650 | 4 | _aSociology | |
| 650 | 0 | _aKomplo teorisi | |
| 650 | 0 | _aConspiracy theory | |
| 650 | 0 |
_aTürkiye _x Siyaset ve yönetim _x 21. yüzyıl |
|
| 650 | 0 |
_aTurkey _x Politics and government _x 21st century |
|
| 650 | 7 |
_aPOLITICAL SCIENCE / World / Middle Eastern _2bisacsh |
|
| 700 | 1 | _aDarıcı, Sefer | |
| 856 | 4 | 0 | _uhttp://search.ebscohost.com/login.aspx?direct=true&scope=site&db=e011xww&AN=2015583 |
| 999 |
_c18941 _d18941 |
||